Algebraic number fields /
Guardado en:
| Autor Principal: | |
|---|---|
| Formato: | Libro |
| Idioma: | English |
| Publicado: |
Providence, R.I. :
American Mathematical Society,
c1996.
|
| Edición: | 2nd ed. |
| Series: | Graduate studies in mathematics,
v. 7 |
| Etiquetas: |
Agregar Etiqueta
Sin Etiquetas, Sea el primero en etiquetar este registro!
|
| LEADER | 00889nam a22002175a 4500 | ||
|---|---|---|---|
| 001 | MAT.inmabb000046 | ||
| 008 | 950908s1996####riu######b####001#0#eng## | ||
| 005 | 20130308124045.0 | ||
| 245 | 1 | 0 | |a Algebraic number fields / |c Gerald J. Janusz. |
| 250 | |a 2nd ed. | ||
| 260 | |a Providence, R.I. : |b American Mathematical Society, |c c1996. | ||
| 300 | |a x, 276 p. ; |c 27 cm. | ||
| 440 | 0 | |a Graduate studies in mathematics, |x 1065-7339 ; |v v. 7 | |
| 504 | |a Incluye referencias bibliográficas (p. 273) e índice. | ||
| 505 | 0 | |a 1. Subrings of fields -- 2. Complete fields -- 3. Decomposition groups and the Artin map -- 4. Analytic methods and ray classes -- 5. Class field theory -- 6. Quadratic fields. | |
| 510 | 4 | |a MR, |c 96j:11137 | |
| 020 | |a 0821804294 | ||
| 100 | 1 | |a Janusz, Gerald J. | |
| 084 | |a 11Rxx (11-02 11R37) |2 msc2000 |9 2000 | ||
| 010 | |a 95041431 | ||
| 859 | |h 11 |i J35-2 |p A-7745 |b BIB. MATEMATICA | ||
